| 000 | 00557nam a22002057a 4500 | ||
|---|---|---|---|
| 003 | OSt | ||
| 005 | 20140310183059.0 | ||
| 008 | 130301t xxu||||| |||| 00| 0 eng d | ||
| 020 | _a9710862731 | ||
| 050 |
_aPE 1441 _bP438 2002 |
||
| 082 |
_aFIL 428 _bP41 2002 |
||
| 245 |
_aEnglish : its meanings, forms, and functions _cPerez, Alfonso D. |
||
| 260 |
_aMandaluyong City: _bNational Book Store, _c2002 |
||
| 300 |
_a109 p. _c22 cm |
||
| 521 | _acollege students | ||
| 526 | _c1210L-1700L | ||
| 541 | _j1 | ||
| 562 | _e1 | ||
| 942 |
_2lcc _cBK _kFIL |
||
| 999 |
_c18712 _d18712 |
||